Skład Bayer Leverkusen 23/24 - Statystyki

Ogólne statystyki
  • Ten quiz został rozwiązany 85 razy
  • Średni wynik to 11 z 27
Statystyki odpowiedzi
Pozycja Nazwisko % Poprawnych
Pomocnik Wirtz
90%
Bramkarz Hradecky
89%
Obrońca Frimpong
81%
Obrońca Grimaldo
80%
Obrońca Tah
80%
Napastnik Boniface
72%
Pomocnik Xhaka
67%
Obrońca Tapsoba
63%
Pomocnik Andrich
54%
Pomocnik Palacios
46%
Napastnik Tella
46%
Obrońca Hincapié
44%
Napastnik Shick
42%
Napastnik Hlozek
35%
Obrońca Stanisic
35%
Napastnik Adli
34%
Bramkarz Kovar
34%
Pomocnik Hofmann
33%
Obrońca Kossounou
20%
Bramkarz Lomb
20%
Obrońca Arthur
16%
Obrońca Fosu-Mensah
13%
Pomocnik Mbamba
9%
Pomocnik Aourir
8%
Pomocnik Puerta
8%
Pomocnik Amiri
6%
Obrońca Monamay
5%
Nie znaleziono quizów pasujących do podanych kryteriów
Rozkład punktacji
Procent ludzi z każdym wynikiem
Percentyl według liczby udzielonych odpowiedzi
Twoja historia wyników
Nie rozwiązałeś tego quizu